The Dravidian Years: Politics, and Welfare in Tamil Nadu/ (Record no. 176415)

MARC details
000 -LEADER
fixed length control field 00616nam a22001817a 4500
005 - DATE AND TIME OF LATEST TRANSACTION
control field 20201222121739.0
010 ## - LCCN (DPL NO)
LC control number ENG-128701
020 ## - INTERNATIONAL STANDARD BOOK NUMBER
International Standard Book Number 978-0-19-948817-9
Terms of availability 550.00
035 ## - SYSTEM CONTROL NUMBER
System control number EN-112233
037 ## - SOURCE OF ACQUISITION
Source of stock number/acquisition DBAD/PUB
082 ## - DEWEY DECIMAL CLASSIFICATION NUMBER
Classification number 954.8204
100 ## - MAIN ENTRY--PERSONAL NAME
Personal name Narayan, S
245 ## - TITLE STATEMENT
Title The Dravidian Years: Politics, and Welfare in Tamil Nadu/
Remainder of title S. Narayan
260 ## - PUBLICATION, DISTRIBUTION, ETC. (IMPRINT)
Place of publication, distribution, etc New Delhi
Name of publisher, distributor, etc Oxford University Press
Date of publication, distribution, etc 2018
270 ## - ADDRESS
City New Delhi
Postal code 110002
Address 2/11, Ground Floor, Ansari Road, Daryaganj
300 ## - PHYSICAL DESCRIPTION
Extent xxiii+262p.
Dimensions 22cm(hbk)
Other physical details Including bibliographical refernces.
942 ## - ADDED ENTRY ELEMENTS (KOHA)
Source of classification or shelving scheme Dewey Decimal Classification
Item type English Books
Classification part 954.8204
Call number suffix NAR
Holdings
Withdrawn status Lost status Not for loan Collection code Home library Current library Date acquired Source of acquisition Cost, normal purchase price Full call number Barcode Copy number Cost, replacement price Koha item type
      Non-fiction Central Library Central Library 22/12/2020 DBAD/PUB 550.00 954.8204 NAR EN-112233 1 550.00 English Books

© Delhi Public Library
Hit Counter
free hit counter